[Event "Ruhrgebiet VK3 0910"]
[Site "Ruhrgebiet"]
[Date "2009.10.04"]
[Round "2.1"]
[White "Lenz, Guntram"]
[Black "Michalek, Christoph"]
[Result "0-1"]
[WhiteElo "2047"]
[BlackElo "2193"]
[PlyCount "86"]
[EventDate "2009.09.06"]
[EventType "team"]
[EventRounds "9"]
[EventCountry "GER"]
[SourceTitle "EXT 2011"]
[Source "ChessBase"]
[SourceDate "2010.11.26"]
[SourceVersion "1"]
[SourceVersionDate "2010.11.26"]
[SourceQuality "1"]
[WhiteTeam "Boenen SV"]
[BlackTeam "Rochade Eving"]
[WhiteTeamCountry "GER"]
[BlackTeamCountry "GER"]

1. d4 c5 2. d5 Nf6 3. c4 b5 4. cxb5 a6 5. b6 a5 6. Nc3 Ba6 7. Nf3 Qxb6 8. g3 d6 9. Bg2 g6 10. 0-0 Bg7 11. Re1 0-0 12. e4 Ng4 13. h3 Ne5 14. Nxe5 Bxe5 15. Na4 Qc7 16. Bd2 Nd7 17. f4 Bd4+ 18. Be3 Bg7 19. Bd2 Rfb8 20. Qc2 Ra7 21. Bc3 Bxc3 22. Qxc3 Bb5 23. b3 Bxa4 24. bxa4 Rab7 25. Bf1 Rb4 26. Bb5 Nb6 27. Qc2 Qc8 28. g4 Qf8 29. a3 Rd4 30. Kg2 Qh6 31. Kg3 g5 32. f5 Qf6 33. Rad1 Qe5+ 34. Kg2 Rxd1 35. Qxd1 c4 36. Qd2 Nd7 37. Qxg5+ Kh8 38. Re2 Nf6 39. Bxc4 Rb1 40. Bd3 Rb3 41. Rc2 Rb8 42. Qe3 Nxd5 43. Qf3 Nf4+ 0-1

[Event "Ruhrgebiet VK3 0708"]
[Site "Germany"]
[Date "2007.12.09"]
[Round "4.2"]
[White "Lenz, Guntram"]
[Black "Ritter, Uwe"]
[Result "1-0"]
[WhiteElo "2053"]
[BlackElo "1974"]
[PlyCount "61"]
[EventDate "2007.09.16"]
[EventType "team-tourn"]
[EventRounds "9"]
[EventCountry "GER"]
[SourceTitle "EXT 2009"]
[Source "ChessBase"]
[SourceDate "2008.11.26"]
[SourceVersion "1"]
[SourceVersionDate "2008.11.26"]
[SourceQuality "1"]
[WhiteTeam "Boenen SV"]
[BlackTeam "Bergeborbeck Wacker"]
[WhiteTeamCountry "GER"]
[BlackTeamCountry "GER"]

1. e4 c6 2. d4 d5 3. Nc3 dxe4 4. Nxe4 Bf5 5. Ng3 Bg6 6. Nf3 Nd7 7. h4 h6 8. h5 Bh7 9. Bd3 Bxd3 10. Qxd3 e6 11. Bf4 Qa5+ 12. Bd2 Bb4 13. c3 Be7 14. c4 Qc7 15. Ne4 Ngf6 16. 0-0-0 0-0 17. Nxf6+ Nxf6 18. Qe2 b5 19. c5 Qd7 20. g4 Qd5 21. g5 hxg5 22. Bxg5 Qxa2 23. h6 Qa1+ 24. Kc2 Qa4+ 25. Kb1 Qc4 26. Qxc4 bxc4 27. hxg7 Rfe8 28. Rdg1 Nh7 29. Bxe7 Rxe7 30. Ng5 Nxg5 31. Rxg5 1-0

[Event "Ruhrgebiet VK3 0708"]
[Site "Germany"]
[Date "2007.11.18"]
[Round "3.2"]
[White "Wilms, Christoph"]
[Black "Lenz, Guntram"]
[Result "1-0"]
[WhiteElo "1625"]
[BlackElo "2053"]
[PlyCount "55"]
[EventDate "2007.09.16"]
[EventType "team-tourn"]
[EventRounds "9"]
[EventCountry "GER"]
[SourceTitle "EXT 2009"]
[Source "ChessBase"]
[SourceDate "2008.11.26"]
[SourceVersion "1"]
[SourceVersionDate "2008.11.26"]
[SourceQuality "1"]
[WhiteTeam "Bergh Wambel"]
[BlackTeam "Boenen SV"]
[WhiteTeamCountry "GER"]
[BlackTeamCountry "GER"]

1. e4 e6 2. d4 c5 3. c3 Qb6 4. Nf3 d5 5. exd5 exd5 6. Bd3 Bg4 7. 0-0 Bd6 8. dxc5 Bxc5 9. Nbd2 Nc6 10. Nb3 Bd6 11. Re1+ Nge7 12. Be3 Qc7 13. Nbd4 Bxh2+ 14. Kh1 Ne5 15. Bb5+ N7c6 16. Qd2 Bxf3 17. Nxf3 Nxf3 18. gxf3 0-0-0 19. f4 d4 20. cxd4 Rd5 21. Bxc6 bxc6 22. Kxh2 Qe7 23. Qe2 Qe4 24. Rac1 Rd6 25. Qg4+ f5 26. Qxg7 Rg6 27. Qxh8+ Kb7 28. Qxh7+ 1-0

[Event "Dortmund op-A"]
[Site "Dortmund"]
[Date "2004.07.30"]
[Round "8"]
[White "Lenz, Guntram"]
[Black "Galicki, Ryszard"]
[Result "1-0"]
[WhiteElo "1891"]
[BlackElo "2017"]
[PlyCount "87"]
[EventDate "2004.07.??"]
[EventType "swiss"]
[EventRounds "9"]
[EventCountry "GER"]
[SourceTitle "EXT 2006"]
[Source "ChessBase"]
[SourceDate "2005.11.24"]
[SourceVersion "1"]
[SourceVersionDate "2005.11.24"]
[SourceQuality "1"]

1. d4 b6 2. c4 e6 3. Nf3 Bb7 4. a3 a5 5. Nc3 f5 6. d5 Na6 7. g3 Nf6 8. Bg2 Nc5 9. 0-0 a4 10. Nd4 Nfe4 11. Nxe4 fxe4 12. dxe6 dxe6 13. Be3 Be7 14. Nb5 Nb3 15. Qxd8+ Rxd8 16. Rad1 c5 17. Rxd8+ Kxd8 18. Rd1+ Ke8 19. Nd6+ Bxd6 20. Rxd6 Ke7 21. Rxb6 Ba8 22. Bh3 Nd4 23. Bxd4 cxd4 24. Rxe6+ Kf7 25. Rd6 Rb8 26. Rxd4 Rxb2 27. e3 Rb3 28. Rd7+ Kf6 29. Ra7 Bb7 30. Rxa4 Ke5 31. Rb4 Rxb4 32. axb4 Kd6 33. Bg4 Bc6 34. Bd1 Bd7 35. Kf1 Be6 36. Bb3 Ke5 37. Ke2 Bf7 38. Kd2 h5 39. Kc3 Be8 40. c5 g5 41. Bc4 h4 42. b5 hxg3 43. hxg3 Bh5 44. b6 1-0